<?xml version="1.0" encoding="UTF-8"?><?xml-stylesheet type="text/xsl" href="static/style.xsl"?><OAI-PMH xmlns="http://www.openarchives.org/OAI/2.0/" xmlns:xsi="http://www.w3.org/2001/XMLSchema-instance" xsi:schemaLocation="http://www.openarchives.org/OAI/2.0/ http://www.openarchives.org/OAI/2.0/OAI-PMH.xsd"><responseDate>2026-04-13T13:40:17Z</responseDate><request verb="GetRecord" identifier="oai:www.recercat.cat:2072/475759" metadataPrefix="marc">https://recercat.cat/oai/request</request><GetRecord><record><header><identifier>oai:recercat.cat:2072/475759</identifier><datestamp>2024-11-04T07:57:03Z</datestamp><setSpec>com_2072_98</setSpec><setSpec>col_2072_378192</setSpec></header><metadata><record xmlns="http://www.loc.gov/MARC21/slim" xmlns:dcterms="http://purl.org/dc/terms/" xmlns:xsi="http://www.w3.org/2001/XMLSchema-instance" xmlns:doc="http://www.lyncode.com/xoai" xsi:schemaLocation="http://www.loc.gov/MARC21/slim http://www.loc.gov/standards/marcxml/schema/MARC21slim.xsd">
   <leader>00925njm 22002777a 4500</leader>
   <datafield ind2=" " ind1=" " tag="042">
      <subfield code="a">dc</subfield>
   </datafield>
   <datafield ind2=" " ind1=" " tag="720">
      <subfield code="a">Nixon, Phil</subfield>
      <subfield code="e">author</subfield>
   </datafield>
   <datafield ind2=" " ind1=" " tag="720">
      <subfield code="a">Broccatelli, Chiara</subfield>
      <subfield code="e">author</subfield>
   </datafield>
   <datafield ind2=" " ind1=" " tag="720">
      <subfield code="a">Moss, Perrin</subfield>
      <subfield code="e">author</subfield>
   </datafield>
   <datafield ind2=" " ind1=" " tag="720">
      <subfield code="a">Baggio, Sarah</subfield>
      <subfield code="e">author</subfield>
   </datafield>
   <datafield ind2=" " ind1=" " tag="720">
      <subfield code="a">Young, Angela</subfield>
      <subfield code="e">author</subfield>
   </datafield>
   <datafield ind2=" " ind1=" " tag="720">
      <subfield code="a">Newcomb, Dana</subfield>
      <subfield code="e">author</subfield>
   </datafield>
   <datafield ind2=" " ind1=" " tag="260">
      <subfield code="c">2024</subfield>
   </datafield>
   <datafield ind2=" " ind1=" " tag="520">
      <subfield code="a">Background: Project ECHO networks at Children's Health Queensland Hospital and Health Service (CHQHHS) are communities of practice designed to mitigate services and systems fragmentation by building collaborative partnerships addressing priority child and youth health needs. Aboriginal and Torres Strait Islander people experience the negative impacts of fragmentation in addition to historical challenges of absent or culturally inappropriate health services. Access to culturally safe and responsive services can be improved by engaging Aboriginal and Torres Strait Islander Health Workers and similar roles in an online community of practice, supporting the integration of cultural and clinical knowledge and self-determination of Aboriginal and Torres Strait Islander consumers in decisions affecting their health. Analysing professional support networks and knowledge sharing patterns helps identify enablers and barriers to partnerships. Using social network research, the multilevel network inclusive of ECHO network members and their colleagues was studied to identify interdisciplinary and cross-sector advice exchange patterns, explore the position of cultural brokers and identify common relational tendencies. Methods: Social network theories and methods informed the collection of network data and analysis of advice-seeking relationships among ECHO network members and their nominees. Registered members from two ECHO networks were invited to complete the Qualtrics survey. Networks analysed comprised 398 professionals from mainstream health, Aboriginal and Torres Strait Islander Community Controlled Health Organisation, education, disability and child safety service settings. Results: Brokers were well represented, both those who hold knowledge brokerage positions as well as cultural brokers who incorporate clinical and cultural knowledge enabling holistic care for Aboriginal and Torres Strait Islander patients (38 individuals, 17% of network). Professionals who occupy brokerage positions outside the ECHO network tend to be more connected with co-members within the network. Conclusions: This study is the first application of contemporary social network theories and methods to investigate an ECHO network. The findings highlight the connectivity afforded by brokers, enabling the coordination and collaboration necessary for effective care integration. Inclusion of cultural brokers in an ECHO network provides sustained peer group support while also cultivating relationships that facilitate the integration of cultural and clinical knowledge.</subfield>
   </datafield>
   <datafield ind1="8" ind2=" " tag="024">
      <subfield code="a">http://hdl.handle.net/2072/475759</subfield>
   </datafield>
   <datafield tag="653" ind2=" " ind1=" ">
      <subfield code="a">Project ECHO</subfield>
   </datafield>
   <datafield tag="653" ind2=" " ind1=" ">
      <subfield code="a">Community of Practice</subfield>
   </datafield>
   <datafield tag="653" ind2=" " ind1=" ">
      <subfield code="a">Aboriginal and Torres Strait Islander</subfield>
   </datafield>
   <datafield tag="653" ind2=" " ind1=" ">
      <subfield code="a">Aboriginal and Torres Strait</subfield>
   </datafield>
   <datafield tag="653" ind2=" " ind1=" ">
      <subfield code="a">Islander Health Worker</subfield>
   </datafield>
   <datafield tag="653" ind2=" " ind1=" ">
      <subfield code="a">Social network research</subfield>
   </datafield>
   <datafield tag="653" ind2=" " ind1=" ">
      <subfield code="a">Integrated Care</subfield>
   </datafield>
   <datafield tag="653" ind2=" " ind1=" ">
      <subfield code="a">Virtual learning</subfield>
   </datafield>
   <datafield tag="653" ind2=" " ind1=" ">
      <subfield code="a">Workforce development</subfield>
   </datafield>
   <datafield tag="653" ind2=" " ind1=" ">
      <subfield code="a">Cultural broker</subfield>
   </datafield>
   <datafield ind2="0" ind1="0" tag="245">
      <subfield code="a">Healthcare social network research and the ECHO model™ : Exploring a community of practice to support cultural brokers and transfer cultural knowledge</subfield>
   </datafield>
</record></metadata></record></GetRecord></OAI-PMH>